1802 1717 1983 1720 1253 1543 1942 1879 1617 1303 1003 1618 1022 1484 1331 1263 1731 1391 1860 1336 1565 1728 1893 1802 1201 1141 1750 1452 1925 1374 1758 1389 1618 1201 1892 1590 1416 1962 1925 1819 1869 1331 1719 1390 1720 1900 1402 1967 1069 1497 1706 1416 1405 1431 1141 1456 1208 1629 1571 1571 1784 1768 1760 1206 1903 1790 1791 1731 1584 1524 1411 1737 1768 1547 1385 1629 1587 1355 1131 1175 1265 1642 1171 1250 1534 1481 1755 1564 1584 1861 1227 1137 1886 1161 1055 1050 1302 1376 1065 BCNSPRNW ULIB Ver.6.0+V

เปลี่ยนเป็นภาษาไทย

Change to English
 แสดงรายละเอียดบรรณานุกรม
  กลับหน้าหลัก

Brief Record : Get Marc (ISO 2709) : E-mail record : QR code < ปิดหน้าต่าง
LEADER : 00000nam 2200000uu 4500
001    13399128587
003     ULIB
008    230912s2565||||th 000 0 tha d
020    ^a9786164262492
060  0 ^aWG210 จ154ศ
100    ^aจรัญ สายะสถิตย์
245    ^aศัลยศาสตร์โรคหัวใจที่พบบ่อย = Common cardiac surgery/^cจรัญ สายะสถิตย์
250    ^aพิมพ์ครั้งที่ 3
260    ^aพิษณุโลก :^bมหาวิทยาลัยนเรศวร,^c2565
300    ^a151 หน้า :^bภาพประกอบ ;^c26 ซม.
505 0  ^aหลักการพื้นฐานในการผ่าตัดหัวใจ = Basic prinicple of heart surgery -- หลักการทำงานของเครื่องหัวใจและปอดเทียม = Cardiopulmonary bypass (CPB) -- โรคหัวใจพิการแต่กำเนิด = Congenital heart disease -- โรคของลิ้นหัวใจ = Acquired valvular heart diseases -- โรคกล้ามเนื้อหัวใจขาดเลือด = Ischemic heart disease -- ปัญหาที่พบบ่อยภายหลังผ่าตัดหัวใจ = Common complications of heart surgery -- ลิ้นหัวใจเทียม = Valve prosthesis -- การให้ยาละลายลิ่มเลือดหลังผ่าตัดเปลี่ยนลิ้นหัวใจ = Anticoagulant drugs after heart valve replacement
650    ^aโรคหัวใจ -- ศัลยกรรม
650  0 ^aศัลยศาสตร์
945    ^p350^l0^i29792
945    ^p350^l0^i29793
999    ^aกัณชพร จุลอักษร
รายการนี้ยังไม่มีแท็ก
คุณยังไม่ได้ล็อกอิน คุณสามารถมีกิจกรรมร่วมกับเว็บไซต์ได้ แต่ต้องล็อกอินก่อน ::
  ล็อกอิน

รายการสื่อสารสนเทศ

ลำดับที่ ประเภท เลขเรียก/บาร์โค้ด สถานที่ สถานะ
1. หนังสือสำรอง
หนังสือสำรอง
WG210 จ154ศ ฉ.1 
  Barcode: 29792
ห้องสมุดวิทยาเขตนครสวรรค์
►หนังสือทั่วไป:l:General Books
บนชั้น
2. วิทยาศาสตร์การแพทย์ และสุขภาพ
วิทยาศาสตร์การแพทย์ และสุขภาพ
WG210 จ154ศ ฉ.2 
  Barcode: 29793
ห้องสมุดวิทยาเขตนครสวรรค์
►หนังสือทั่วไป:l:General Books
บนชั้น

รายการใกล้เคียง
    ผู้แต่ง [จรัญ สายะสถิตย์]

    หัวเรื่อง [โรคหัวใจ -- ศัลยกรรม]
    หัวเรื่อง [ศัลยศาสตร์]

BibComment


ยังไม่เคยถูกคอมเมนท์

คอมเมนท์ทรัพยากรรายการนี้
  คอมเมนท์: ศัลยศาสตร์โรคหัว..


 Copyright 2026. Bcnsprnw @Library